ARRUPE JESUIT UNIVERSITY

CORONAVIRUS -STOP THE SPREAD - CLEAN,DISINFECT,COVER

"Mau Mau" detainee : (Record no. 119160)

MARC details
000 -LEADER
fixed length control field 01030cam a2200313 i 4500
001 - CONTROL NUMBER
control field 27740
003 - CONTROL NUMBER IDENTIFIER
control field ARRUPE
005 - DATE AND TIME OF LATEST TRANSACTION
control field 20131210140740.0
008 - FIXED-LENGTH DATA ELEMENTS--GENERAL INFORMATION
fixed length control field 800731s1964 mdub b 001 0 eng d
035 ## - SYSTEM CONTROL NUMBER
System control number (OCoLC)18920113
035 ## - SYSTEM CONTROL NUMBER
System control number (OCoLC)ocm18920113
035 ## - SYSTEM CONTROL NUMBER
System control number (CStRLIN)NYCG17426812-B
035 ## - SYSTEM CONTROL NUMBER
System control number (NNC)27740
040 ## - CATALOGING SOURCE
Original cataloging agency NNC
Transcribing agency NNC
043 ## - GEOGRAPHIC AREA CODE
Geographic area code f-ke---
050 ## - LIBRARY OF CONGRESS CALL NUMBER
Classification number SPC DT433.576.K3A34 1964
090 ## - LOCALLY ASSIGNED LC-TYPE CALL NUMBER (OCLC); LOCAL CALL NUMBER (OCLC)
Classification number (OCLC) (R) ; Classification number, CALL (RLIN) (NR) DT434.E27
Local cutter number (OCLC) ; Book number/undivided call number, CALL (RLIN) K3 1964
300 ## - PHYSICAL DESCRIPTION
Other physical details map ;
Dimensions 18 cm.
100 1# - MAIN ENTRY--PERSONAL NAME
Personal name Kariuki, Josiah Mwangi,
Dates associated with a name 1929-1975.
9 (RLIN) 5397
245 10 - TITLE STATEMENT
Title "Mau Mau" detainee :
Remainder of title the account by a Kenya African of his experiences in detention camps, 1953-1960 /
Statement of responsibility, etc Josiah Mwangi Kariuki.
260 ## - PUBLICATION, DISTRIBUTION, ETC. (IMPRINT)
Place of publication, distribution, etc Baltimore :
Name of publisher, distributor, etc Penguin,
Date of publication, distribution, etc 1964.
300 ## - PHYSICAL DESCRIPTION
Extent 224 p. :
490 1# - SERIES STATEMENT
Series statement Penguin African library ; AP l5
504 ## - BIBLIOGRAPHY, ETC. NOTE
Bibliography, etc Includes bibliographical references and index.
600 10 - SUBJECT ADDED ENTRY--PERSONAL NAME
Personal name Kariuki, Josiah Mwangi,
Dates associated with a name 1929-1975.
9 (RLIN) 5398
610 20 - SUBJECT ADDED ENTRY--CORPORATE NAME
Corporate name or jurisdiction name as entry element Mau Mau.
9 (RLIN) 5399
830 #0 - SERIES ADDED ENTRY--UNIFORM TITLE
Uniform title Penguin African library ;
Volume number/sequential designation AP15.
9 (RLIN) 5400
942 ## - ADDED ENTRY ELEMENTS (KOHA)
Source of classification or shelving scheme Library of Congress Classification
Koha item type REFERENCE
Holdings
Withdrawn status Lost status Source of classification or shelving scheme Damaged status Not for loan Home library Current library Shelving location Date acquired Total Checkouts Full call number Barcode Date last seen Price effective from Koha item type
    Library of Congress Classification     ARRUPE LIBRARY ARRUPE LIBRARY Main Collection 10/12/2013   SPC DT433.576.K3A34 1964 464123129 10/12/2013 10/12/2013 REFERENCE

 

Arrupe Library. PO Box MP320 Mt Pleasant, Harare, Zimbabwe
263 242 745411|librarian@aju.ac.zw